| 000 | 00569nam a22001577a 4500 | ||
|---|---|---|---|
| 999 |
_c534577 _d534577 |
||
| 020 | _qHard Cover. | ||
| 082 | _a620.11 | ||
| 100 | _aAhmad, Qazi Mushtaq | ||
| 245 |
_aReinforced Self Consolidated Cement Based Composites by Functionalized Hexagonal Boron Nitride Nanomaterials / _cQazi Mushtaq Ahmad. |
||
| 260 |
_aIslamabad: _bSCME - NUST, _c2015. |
||
| 300 |
_a57 p. : _bill. ; _c30cm. |
||
| 942 |
_2ddc _cTHE |
||
| 650 |
_aEnergatic Material Engineering MS-Thesis. _928345 |
||
| 700 |
_aDr. Iram Mahmood _928346 |
||